Kỹ năng viết tiếng Anh học thuật = Writing academic English
Wedi'i Gadw mewn:
| Prif Awdur: | |
|---|---|
| Fformat: | Llyfr |
| Iaith: | Undetermined |
| Cyhoeddwyd: |
Tp. HCM
Tp. HCM
2002
|
| Pynciau: | |
| Tagiau: |
Ychwanegu Tag
Dim Tagiau, Byddwch y cyntaf i dagio'r cofnod hwn!
|
| Thư viện lưu trữ: | Trung tâm Học liệu Trường Đại học Cần Thơ |
|---|
| LEADER | 00630nam a2200205Ia 4500 | ||
|---|---|---|---|
| 001 | CTU_54698 | ||
| 008 | 210402s9999 xx 000 0 und d | ||
| 020 | |b 48000 | ||
| 082 | |a 808.06 | ||
| 082 | |b O.82 | ||
| 100 | |a Alice Oshima | ||
| 245 | 0 | |a Kỹ năng viết tiếng Anh học thuật | |
| 245 | 0 | |b = Writing academic English | |
| 245 | 0 | |c Alice Oshima and Ann Hogue; Lê Huy Lâm chú giải | |
| 260 | |a Tp. HCM | ||
| 260 | |b Tp. HCM | ||
| 260 | |c 2002 | ||
| 650 | |a english language,english language | ||
| 650 | |x writing,compositions and exrcises | ||
| 980 | |a Trung tâm Học liệu Trường Đại học Cần Thơ | ||